000 00355nam a2200169Ia 4500
008 210210b1945 xxu||||| |||| 00| 0 eng d
041 _aeng
082 _a920/41
100 _aPONIKOWSKA
245 _aPolish youth
260 _aAundh
_b-
_c1945
650 _ayouth
650 _aPolish
690 _aHistory
700 _aJURKOWA
906 _a024783
999 _c150404
_d150404